Countries Kim Jong Un Has Been To - Statistics

General Stats
  • This quiz has been taken 32,188 times
    32,133 since last reset
  • The average score is 6 of 8
Answer Stats
Year(s) Purpose Answer % Correct
2018, 2019, 2025 Met with leader of the country China
97%
2019, 2023 Met with leader of the country Russia
96%
2018 Met with leader of the country South Korea
91%
2001 Visiting a theme park Japan
85%
1983– Ruling with an iron fist North Korea
71%
2019 Summit with U.S. President Vietnam
57%
1998–2001 Education Switzerland
46%
2018 Summit with U.S. President Singapore
41%
No matching quizzes found
Score Distribution
Percent of People with Each Score
Percentile by Number Answered
Your Score History
You have not taken this quiz since the last reset